| 000 | 00511nam a2200157 i 4500 | ||
|---|---|---|---|
| 001 | 29103 | ||
| 003 | ES-MaACL | ||
| 005 | 20230906153956.0 | ||
| 007 | t| | ||
| 008 | 030121s1948 sp ||||1| val d | ||
| 100 | 1 |
_aBarberá Cepriá, José. _925421 |
|
| 245 | 1 | 0 |
_aDel meu raval _b: comedia en dos actes / _cJosep Barberá Cepriá. |
| 260 |
_aCastellón de la Plana : _bSocietat Castellonença de Cultura, _c1948 ( _fFills de F. Armengot) |
||
| 300 |
_a25 p. ; _c21 cm. |
||
| 852 |
_aES-MaACL _j1894-F-8 _bR.26881 |
||
| 999 |
_c29103 _d29103 |
||